ბათუმის შოთა რუსთაველის სახელმწიფო უნივერსიტეტის ბიბლიოთეკა

Техника защиты окружающей среды. (ბიბ.ჩანაწერი № 50848)

000 -LEADER
fixed length control field 00687nam a2200217Ia 4500
001 - CONTROL NUMBER
control field 17803
003 - CONTROL NUMBER IDENTIFIER
control field GE_BSU
008 - FIXED-LENGTH DATA ELEMENTS--GENERAL INFORMATION
fixed length control field 181216s||||||||xx |||||||||||||| ||und||
040 ## - CATALOGING SOURCE
Transcribing agency GE_BSU
080 ## - UNIVERSAL DECIMAL CLASSIFICATION NUMBER
Universal Decimal Classification number 628.15
100 ## - MAIN ENTRY--PERSONAL NAME
Personal name Торочешников,Н.С. Родионов,А.И. Кельцев,Н.В. Клушин,В.Н.
245 ## - TITLE STATEMENT
Title Техника защиты окружающей среды.
245 ## - TITLE STATEMENT
Remainder of title Учебное пособие.
245 ## - TITLE STATEMENT
Statement of responsibility, etc. Ред. М.В.Миникс.
260 ## - PUBLICATION, DISTRIBUTION, ETC.
Place of publication, distribution, etc. М.
260 ## - PUBLICATION, DISTRIBUTION, ETC.
Name of publisher, distributor, etc. Химия.
260 ## - PUBLICATION, DISTRIBUTION, ETC.
Date of publication, distribution, etc. 1981.
300 ## - PHYSICAL DESCRIPTION
Extent 368 стр. с илл. 21 см.
653 ## - INDEX TERM--UNCONTROLLED
Uncontrolled term Техника защиты окружающей среды.
942 ## - ADDED ENTRY ELEMENTS (KOHA)
Koha item type წიგნი
ეგზემპლარები
Withdrawn status Lost status Damaged status Not for loan Date acquired Barcode Date last seen Price effective from Koha item type
        2018-12-17 10188 2018-12-17 2018-12-17 წიგნი